书目信息 |
| 题名: |
亚里士多德及其思想
|
|
| 作者: | 严群 著 | |
| 分册: | ||
| 出版信息: | 北京 商务印书馆 2011.09 |
|
| 页数: | 435页 | |
| 开本: | 21cm | |
| 丛书名: | ||
| 单 册: | ||
| 中图分类: | B502.233 , B82-091.984 | |
| 科图分类: | ||
| 主题词: | 人物研究 , 伦理学 | |
| 电子资源: | ||
| ISBN: | 978-7-100-07479-7 | |
| 000 | 01050oam2 2200301 450 | |
| 001 | 010000013380 | |
| 005 | 20130426102720.21 | |
| 010 | @a978-7-100-07479-7@dCNY35.00 | |
| 100 | @a20111230d2011 em y0chiy0110 ea | |
| 101 | 0 | @achi |
| 102 | @aCN@b110000 | |
| 105 | @ay z 000yd | |
| 106 | @ar | |
| 200 | 1 | @a亚里士多德及其思想@9ya li shi duo de ji qi si xiang@f严群著 |
| 210 | @a北京@c商务印书馆@d2011.09 | |
| 215 | @a435页@d21cm | |
| 300 | @a严群文集之二 | |
| 330 | @a本书亚里士多德、亚里士多德之伦理思想两部分。内容涉及:生平、著述、学说导言、名学、形上学,以及人生之最高目的、道德与中庸、理智、自被动行为与德志、论诸德、公道、友爱、快乐等。 | |
| 600 | 0 | @a亚里士多德@c(Aristole@f前384-前322)@x人物研究 |
| 600 | 0 | @a亚里士多德@c(Aristole@f前384-前322)@x伦理学@x研究 |
| 600 | 0 | @a亚里士多德@c(Aristole@f前384-前322) |
| 606 | 0 | @a人物研究 |
| 606 | 0 | @a伦理学 |
| 690 | @aB502.233@v5 | |
| 690 | @aB82-091.984@v5 | |
| 701 | 0 | @a严群@9yan qun@f(1907~1985)@4著 |
| 801 | 0 | @aCN@bNLC@c20120323 |
| 905 | @b542236-40@dB502.233@e69@f5 | |
| 亚里士多德及其思想/严群著.-北京:商务印书馆,2011.09 |
| 435页;21cm |
| 严群文集之二 |
| ISBN 978-7-100-07479-7:CNY35.00 |
| 本书亚里士多德、亚里士多德之伦理思想两部分。内容涉及:生平、著述、学说导言、名学、形上学,以及人生之最高目的、道德与中庸、理智、自被动行为与德志、论诸德、公道、友爱、快乐等。 |
| ● |
| 相关链接 |
|
|
|
|
正题名:亚里士多德及其思想
索取号:B502.233/69
 
预约/预借
| 序号 | 登录号 | 条形码 | 馆藏地/架位号 | 状态 | 备注 |
| 1 | 542236 | 205422363 | 第一样本阅览室/ [索取号:B502.233/69] | 在馆 | |
| 2 | 542237 | 205422372 | 第一借阅区/ [索取号:B502.233/69] | 在馆 | |
| 3 | 542238 | 205422381 | 第一借阅区/ [索取号:B502.233/69] | 在馆 | |
| 4 | 542239 | 205422390 | 第一借阅区/ [索取号:B502.233/69] | 在馆 | |
| 5 | 542240 | 205422407 | 第一借阅区/ [索取号:B502.233/69] | 在馆 |